<?xml version="1.0" encoding="UTF-8"?>
<record
    xmlns:xsi="http://www.w3.org/2001/XMLSchema-instance"
    xsi:schemaLocation="http://www.loc.gov/MARC21/slim http://www.loc.gov/standards/marcxml/schema/MARC21slim.xsd"
    xmlns="http://www.loc.gov/MARC21/slim">

  <leader>01031nam a22002177a 4500</leader>
  <controlfield tag="003">BPGM</controlfield>
  <controlfield tag="008">260619s        mx ||||gr|||| 001 ||SPA||</controlfield>
  <datafield tag="040" ind1=" " ind2=" ">
    <subfield code="b">spa</subfield>
  </datafield>
  <datafield tag="041" ind1=" " ind2=" ">
    <subfield code="a">SPA</subfield>
    <subfield code="h">SPA</subfield>
  </datafield>
  <datafield tag="082" ind1="0" ind2="4">
    <subfield code="2">PRIMERA EDICI&#xD3;N 1990</subfield>
    <subfield code="a">CQ / 917.2532 / V43</subfield>
  </datafield>
  <datafield tag="100" ind1=" " ind2=" ">
    <subfield code="a">VEGA Y MONROY, LUIS</subfield>
    <subfield code="c">AUTOR</subfield>
  </datafield>
  <datafield tag="245" ind1=" " ind2=" ">
    <subfield code="a">ESTAMPAS DE LA CIUDAD DE M&#xC9;XICO</subfield>
  </datafield>
  <datafield tag="260" ind1=" " ind2=" ">
    <subfield code="a">QUER&#xC9;TARO, M&#xC9;XICO;</subfield>
    <subfield code="b">AUTORES DE QUER&#xC9;TARO;</subfield>
    <subfield code="c">1990;</subfield>
  </datafield>
  <datafield tag="300" ind1=" " ind2=" ">
    <subfield code="a">335 P&#xC1;GINAS;</subfield>
    <subfield code="c">21.2 CM X 13.8 CM</subfield>
  </datafield>
  <datafield tag="336" ind1=" " ind2=" ">
    <subfield code="2">rdacontent</subfield>
    <subfield code="a">texto</subfield>
    <subfield code="b">txt</subfield>
  </datafield>
  <datafield tag="337" ind1=" " ind2=" ">
    <subfield code="2">rdamedia</subfield>
    <subfield code="a">sin mediaci&#xF3;n</subfield>
    <subfield code="b">n</subfield>
  </datafield>
  <datafield tag="338" ind1=" " ind2=" ">
    <subfield code="2">rdacarrier</subfield>
    <subfield code="a">volumen </subfield>
    <subfield code="b">nc</subfield>
  </datafield>
  <datafield tag="505" ind1=" " ind2=" ">
    <subfield code="a">RECOGER Y GUARDAR EL ROSTRO DE LA GRAN CIUDAD DE M&#xC9;XICO, FUE TAREA QUE SE IMPUSO EL PERIODISTA QUERETANO LUIS VEGA Y MONROY. ESC&#xC9;PTICO ANTE EL DESARROLLO ABRUMADOR DE LA METR&#xD3;POLI, ANTE EL QUEHACER FORMAL DE LOS CIUDADANOS, ANTE EL DISCURSO ENGOLADO, ANTE LA CARA "SERIA" DE LAS PRIMERAS PLANAS DE LOS PERI&#xD3;DICOS, EL ESCRITOR QUERTANO URDI&#xD3; OTRO TIPO DE INFORMACIONES.</subfield>
  </datafield>
  <datafield tag="650" ind1=" " ind2=" ">
    <subfield code="a">HISTORIA DE M&#xC9;XICO</subfield>
    <subfield code="v">917</subfield>
    <subfield code="x">900</subfield>
    <subfield code="y">10</subfield>
    <subfield code="z">7</subfield>
  </datafield>
  <datafield tag="942" ind1=" " ind2=" ">
    <subfield code="2">ddc</subfield>
    <subfield code="c">COLQ</subfield>
  </datafield>
  <datafield tag="952" ind1=" " ind2=" ">
    <subfield code="0">0</subfield>
    <subfield code="1">0</subfield>
    <subfield code="2">ddc</subfield>
    <subfield code="4">0</subfield>
    <subfield code="7">2</subfield>
    <subfield code="8">GENERAL</subfield>
    <subfield code="a">BPCEFC</subfield>
    <subfield code="b">BPCEFC</subfield>
    <subfield code="c">ACCESO B PLANTA ALTA SALA QUER&#xC9;TARO</subfield>
    <subfield code="d">2026-06-19</subfield>
    <subfield code="e">DONACI&#xD3;N </subfield>
    <subfield code="l">0</subfield>
    <subfield code="o">CQ / 917.2532 / V43</subfield>
    <subfield code="r">2026-06-19 16:59:43</subfield>
    <subfield code="t">EJ. 1</subfield>
    <subfield code="w">2026-06-19</subfield>
    <subfield code="y">COLQ</subfield>
  </datafield>
  <datafield tag="952" ind1=" " ind2=" ">
    <subfield code="0">0</subfield>
    <subfield code="1">0</subfield>
    <subfield code="2">ddc</subfield>
    <subfield code="4">0</subfield>
    <subfield code="7">2</subfield>
    <subfield code="8">GENERAL</subfield>
    <subfield code="a">BPCEFC</subfield>
    <subfield code="b">BPCEFC</subfield>
    <subfield code="c">ACCESO B PLANTA ALTA SALA QUER&#xC9;TARO</subfield>
    <subfield code="d">2026-06-19</subfield>
    <subfield code="e">DONACI&#xD3;N </subfield>
    <subfield code="l">0</subfield>
    <subfield code="o">CQ / 917.2532 / V43</subfield>
    <subfield code="r">2026-06-19 16:59:43</subfield>
    <subfield code="t">EJ. 2</subfield>
    <subfield code="w">2026-06-19</subfield>
    <subfield code="y">COLQ</subfield>
  </datafield>
  <datafield tag="999" ind1=" " ind2=" ">
    <subfield code="c">68648</subfield>
    <subfield code="d">68648</subfield>
  </datafield>
</record>
